| 000 | 00622nam a22001697a 4500 | ||
|---|---|---|---|
| 020 | _qHard Cover. | ||
| 082 | _a621.3 | ||
| 100 | _aRasool, Syed Hamid | ||
| 245 |
_aCentrally Controlled QOE-Enhancement framework for HTTP Video Streaming over Constrained Connections / _cSyed Hamid Rasool. |
||
| 260 |
_aIslamabad: _bSEECS - NUST, _c2018. |
||
| 300 |
_a49 p. : _bill. ; _c30. _e+CD |
||
| 650 |
_aElectrical Engineering MS-Thesis. _916073 |
||
| 700 |
_aDr. Saad Qaisar _918589 |
||
| 856 | _uhttp://10.250.8.41:8080/xmlui/handle/123456789/16535 | ||
| 942 |
_2ddc _cTHE |
||
| 999 |
_c533185 _d533185 |
||